[Event "Hessen-ch"]
[Site "Frankfurt/Main"]
[Date "2019.05.30"]
[Round "4"]
[White "Weber, Samuel"]
[Black "Zude, Erik"]
[Result "1-0"]
[WhiteElo "2160"]
[BlackElo "2402"]
[PlyCount "135"]
[EventDate "2019.05.29"]
[EventType "swiss"]
[EventRounds "9"]
[EventCountry "GER"]

{[%evp 0,119,29,29,29,-23,59,52,52,24,4,-22,13,-24,-5,8,9,-21,-17,-20,18,-25,8,
-33,-18,-9,5,-13,-24,-24,20,-1,23,-15,35,11,11,-7,128,114,77,94,126,101,103,78,
85,78,102,92,110,120,120,114,114,124,176,128,165,138,158,160,185,122,122,84,
140,140,140,133,139,136,136,136,136,143,139,143,153,143,171,163,146,160,162,
147,137,129,122,122,122,126,121,121,121,108,122,120,116,122,121,120,137,132,
147,127,127,127,152,147,161,157,147,147,146,140,151,104,144,146,276,292]} 1.
Nf3 d5 2. g3 c6 3. Bg2 Bg4 4. d3 Nd7 5. Nbd2 e6 6. b3 Bd6 7. Bb2 Ngf6 8. c4 O-O
9. O-O a5 10. a3 Re8 11. Qc2 e5 12. h3 Bh5 13. e4 dxe4 14. Nxe4 Nxe4 15. dxe4
Qc7 16. Nh4 Rad8 17. Bf3 Bxf3 18. Nxf3 Nf8 19. c5 Be7 20. Bxe5 Qd7 21. Kg2 Qd3
22. Qxd3 Rxd3 23. b4 axb4 24. axb4 f6 25. Bc7 Rc8 26. Bf4 Ne6 27. Rfd1 Rb3 28.
Rd7 Bf8 29. Bd2 Rc7 30. Rxc7 Nxc7 31. Ra7 Na6 32. e5 fxe5 33. Nxe5 Rb2 34. Be3
Rxb4 35. Nxc6 Re4 36. Rxb7 Bxc5 37. Kf3 Re6 38. Nd4 Re7 39. Rb5 Bxd4 40. Bxd4
Nc7 41. Rb7 Nd5 42. Rb8+ Kf7 43. Bc5 Rd7 44. Rf8+ Kg6 45. Ra8 Nf6 46. Ke3 Nd5+
47. Ke4 Nf6+ 48. Kf3 Rd5 49. Be3 Rd7 50. g4 h6 51. Ra6 Kf7 52. Ra7 Rxa7 53.
Bxa7 g6 54. Bd4 Nd7 55. Ke4 g5 56. Kf5 Nf8 57. Be3 Ng6 58. Bxg5 hxg5 59. Kxg5
Kg7 60. f4 Ne7 61. f5 Nd5 62. h4 Nf6 63. Kf4 Kf7 64. g5 Nd5+ 65. Ke5 Ne7 66. h5
Nc6+ 67. Kd5 Ne7+ 68. Ke4 1-0

[Event "Hessen-ch"]
[Site "Frankfurt/Main"]
[Date "2019.05.30"]
[Round "4"]
[White "Zude, Arno"]
[Black "Bethke, Richard"]
[Result "1/2-1/2"]
[WhiteElo "2384"]
[BlackElo "2246"]
[PlyCount "79"]
[EventDate "2019.05.29"]
[EventType "swiss"]
[EventRounds "9"]
[EventCountry "GER"]

{[%evp 0,79,29,31,19,22,42,43,43,-9,-20,-5,2,-60,-37,-54,-56,-53,-19,-15,-11,
-27,21,16,6,-5,10,10,57,-25,-15,-5,61,49,49,71,43,45,45,30,15,24,51,47,66,26,
65,22,8,-3,-3,-77,-69,-69,-107,-112,-53,-68,-43,-87,-16,-16,-32,-90,-52,-61,
-44,-94,-91,-79,-59,-48,-46,-60,-37,-30,-29,-52,-37,-12,-9,-53]} 1. e4 e5 2.
Nf3 Nc6 3. Bc4 Bc5 4. c3 Nf6 5. d3 d6 6. Bb3 a6 7. Nbd2 O-O 8. O-O Ba7 9. h3 h6
10. Re1 Ne7 11. d4 Ng6 12. Nf1 Re8 13. Ng3 b5 14. d5 Nf4 15. Be3 g5 16. Bxa7
Rxa7 17. a4 Rb7 18. axb5 axb5 19. Ra8 Qe7 20. Qd2 Bd7 21. Rea1 Reb8 22. Bc2 Qf8
23. R8a7 Rxa7 24. Rxa7 Ra8 25. Rxc7 Ra1+ 26. Ne1 Qd8 27. Rxd7 Nxd7 28. Nf5 Nb6
29. b3 Kh7 30. g3 Nh5 31. Kg2 Ng7 32. Ne3 Nd7 33. c4 bxc4 34. Nxc4 Nb6 35. Ne3
Qc7 36. Nd3 Nd7 37. Nc4 Nb6 38. Ne3 Nd7 39. Nc4 Nb6 40. Ne3 1/2-1/2

[Event "Hessen-ch"]
[Site "Frankfurt/Main"]
[Date "2019.05.31"]
[Round "5"]
[White "Alber, Horst"]
[Black "Dubiel, Jacek"]
[Result "0-1"]
[WhiteElo "2271"]
[BlackElo "2428"]
[PlyCount "92"]
[EventDate "2019.05.29"]
[EventType "swiss"]
[EventRounds "9"]
[EventCountry "GER"]

{[%evp 0,67,30,27,20,-16,-16,-23,-11,-32,-1,-3,8,-32,-9,-44,-22,-25,4,3,4,4,
-18,-45,50,-38,-8,-77,-99,-75,-113,-113,-72,-124,-82,-82,-82,-92,-65,-61,-43,
-48,-46,-46,-46,-46,-25,-106,-35,-164,-162,-153,-136,-196,-206,-265,-270,-334,
-238,-242,-229,-229,-212,-212,-221,-236,-237,-240,-235,-225]} 1. d4 d5 2. c4 e6
3. Nc3 Nf6 4. Bg5 Be7 5. e3 O-O 6. Qc2 h6 7. Bh4 b6 8. Nf3 Bb7 9. Bxf6 Bxf6 10.
cxd5 exd5 11. O-O-O c5 12. g4 Nc6 13. h4 cxd4 14. exd4 Nb4 15. Qd2 Qc8 16. Bh3
Nxa2+ 17. Kb1 Nxc3+ 18. bxc3 Qc4 19. g5 Qb3+ 20. Qb2 Qxb2+ 21. Kxb2 hxg5 22.
hxg5 Be7 23. Ne5 g6 24. Rde1 Bxg5 25. Reg1 Bf4 26. Be6 Kg7 27. Nxf7 Rae8 28.
Bf5 Re2+ 29. Kb1 Rxf7 30. Bxg6 Re1+ 31. Rxe1 Kxg6 32. Rhg1+ Kf5 33. Kc2 Ba6 34.
Rg8 Bc4 35. Rge8 a5 36. R1e7 Rxe7 37. Rxe7 a4 38. Rb7 b5 39. Ra7 Ke4 40. Re7+
Kf3 41. Rf7 a3 42. Rf8 a2 43. Kb2 Ke4 44. Rh8 Bc1+ 45. Ka1 Kd3 46. Rh3+ Kc2 0-1

[Event "Hessen-ch"]
[Site "Frankfurt/Main"]
[Date "2019.05.31"]
[Round "5"]
[White "Arndt, Stefan"]
[Black "Keller, Peter"]
[Result "0-1"]
[WhiteElo "2225"]
[BlackElo "2237"]
[PlyCount "186"]
[EventDate "2019.05.29"]
[EventType "swiss"]
[EventRounds "9"]
[EventCountry "GER"]

{[%evp 0,113,29,-32,58,17,35,-17,55,58,78,28,35,13,13,-14,5,-3,34,-3,16,-30,
110,21,43,-8,79,68,68,15,2,-8,64,18,31,-22,63,119,95,60,68,-7,-7,-7,66,-33,-9,
-26,-7,-9,-39,-39,-55,-80,-83,-55,0,-73,-28,-28,-48,-47,-44,-44,-60,-62,-31,
-31,-43,-43,-29,-29,-28,-35,-46,-69,-83,-91,-91,-91,-83,-102,-140,-140,-143,
-131,-131,-131,-113,-110,-138,-113,-126,-126,-117,-145,-138,-145,-145,-109,-70,
-123,-123,-123,-123,-138,-153,-139,-139,-144,-144,-113,-126,-248,-171,-173]} 1.
c4 f5 2. g3 Nf6 3. Bg2 g6 4. Nc3 Bg7 5. e3 O-O 6. Nge2 e5 7. d3 d6 8. O-O c6 9.
f4 Be6 10. b3 Bf7 11. Ba3 Re8 12. Qd2 d5 13. fxe5 Rxe5 14. Bb2 dxc4 15. bxc4
Bxc4 16. Rad1 Ba6 17. e4 fxe4 18. Nxe4 Rf5 19. Rxf5 gxf5 20. Bxf6 Bxf6 21.
Nxf6+ Qxf6 22. Qf4 Nd7 23. Nd4 Ne5 24. Nxf5 Nxd3 25. Qg4+ Kh8 26. Bf1 Rg8 27.
Qe4 Nc5 28. Qf3 Rf8 29. Bxa6 Nxa6 30. g4 Nc5 31. Qe3 b6 32. Rd6 Qa1+ 33. Kg2
Qxa2+ 34. Kg3 Qb3 35. Qxb3 Nxb3 36. Rxc6 Nc5 37. Rc7 a5 38. Nd6 a4 39. Ra7 Kg8
40. g5 Rd8 41. Nf5 Rd7 42. Ra8+ Kf7 43. Kf4 Ke6 44. Rb8 Rb7 45. Rd8 Rd7 46. Rb8
a3 47. Rxb6+ Kf7 48. Nd6+ Ke7 49. Nf5+ Kf7 50. Nd6+ Ke7 51. Nf5+ Ke8 52. Rb8+
Rd8 53. Rxd8+ Kxd8 54. Nd4 a2 55. Nc2 Ne6+ 56. Kg4 Nd4 57. Na1 Ke7 58. h4 Ke6
59. h5 Nf5 60. Kf4 Nd4 61. Ke4 Ne2 62. Kf3 Nc3 63. Kf4 Nd5+ 64. Ke4 Nb4 65. Kf4
Nc6 66. Ke4 Na5 67. Kf4 Nc6 68. Ke4 Ne7 69. Kf4 Kd5 70. Nc2 Ke6 71. Ke4 Nc8 72.
Nd4+ Ke7 73. Nc2 Nd6+ 74. Kd5 Nf5 75. Ke5 Ng3 76. h6 Kf7 77. Kf4 Ne2+ 78. Ke3
Ng3 79. Kf4 Nf1 80. Kf3 Nd2+ 81. Kf4 Nb3 82. Kf5 Nd4+ 83. Nxd4 a1=Q 84. Nf3
Qb1+ 85. Kf4 Qa1 86. Kf5 Qf1 87. Kg4 Qc4+ 88. Kf5 Qe6+ 89. Kf4 Kg6 90. Ne5+ Kh5
91. Nf3 Qg4+ 92. Ke3 Qg3 93. Ke4 Kg4 0-1

[Event "Hessen-ch"]
[Site "Frankfurt/Main"]
[Date "2019.05.31"]
[Round "5"]
[White "Bethke, Richard"]
[Black "Weber, Samuel"]
[Result "1/2-1/2"]
[WhiteElo "2246"]
[BlackElo "2160"]
[PlyCount "94"]
[EventDate "2019.05.29"]
[EventType "swiss"]
[EventRounds "9"]
[EventCountry "GER"]

{[%evp 0,69,30,15,15,17,20,15,18,-3,19,9,15,-42,-42,31,31,-11,25,12,43,38,16,
16,54,30,30,30,51,32,94,53,71,171,143,170,170,170,203,203,203,186,221,193,190,
152,137,125,112,46,29,29,69,69,62,46,72,-4,15,25,10,93,96,78,41,41,38,31,36,35,
17,13]} 1. e4 e5 2. Nf3 Nc6 3. Bc4 Bc5 4. c3 Nf6 5. d3 O-O 6. O-O d5 7. exd5
Nxd5 8. Nbd2 Nb6 9. b4 Be7 10. b5 Na5 11. Nxe5 Bf6 12. Nxf7 Rxf7 13. Bxf7+ Kxf7
14. Qf3 Qd5 15. Ne4 Bf5 16. g4 Bxe4 17. dxe4 Qxb5 18. g5 Nac4 19. gxf6 gxf6 20.
Kh1 Rg8 21. Be3 Rg6 22. a4 Qc6 23. Bxb6 Nd2 24. Qd3 Nxf1 25. Bxa7 Nd2 26. Rd1
Nxe4 27. Qd7+ Kf8 28. Qxc6 bxc6 29. Re1 f5 30. f3 Nxc3 31. Bc5+ Kf7 32. a5 Na4
33. Re5 Nxc5 34. Rxc5 Ke6 35. Rxc6+ Kd5 36. Rxc7 Ra6 37. Rxh7 Rxa5 38. Re7 Ra2
39. Kg1 Kd6 40. Re1 Rb2 41. h3 Ra2 42. Re3 Rb2 43. Re1 Ra2 44. h4 Ra4 45. Kg2
Rxh4 46. Kg3 Ra4 47. f4 Re4 1/2-1/2

[Event "Hessen-ch"]
[Site "Frankfurt/Main"]
[Date "2019.05.31"]
[Round "5"]
[White "Carow, Johannes"]
[Black "Schmidt, Walter"]
[Result "1/2-1/2"]
[WhiteElo "2445"]
[BlackElo "2225"]
[PlyCount "65"]
[EventDate "2019.05.29"]
[EventType "swiss"]
[EventRounds "9"]
[EventCountry "GER"]

{[%evp 0,65,20,30,30,-24,20,34,34,13,19,26,37,1,22,5,11,9,11,6,26,-7,32,-2,4,
-10,-10,-71,42,24,70,63,63,52,52,26,67,40,73,59,59,0,7,23,15,56,144,67,113,54,
83,72,60,44,102,63,63,63,19,-9,60,5,-9,0,64,-9,0,8]} 1. d4 d5 2. c4 c6 3. Nc3
Nf6 4. e3 e6 5. Nf3 Nbd7 6. Qc2 Bd6 7. Bd3 dxc4 8. Bxc4 b5 9. Be2 Bb7 10. O-O
O-O 11. e4 e5 12. dxe5 Nxe5 13. Nh4 Ng6 14. Nf5 Bf4 15. Bxf4 Nxf4 16. e5 N6d5
17. Bf3 Bc8 18. Nd4 Bd7 19. Nxd5 cxd5 20. Kh1 Qg5 21. Rfe1 Rfe8 22. g3 Nh3 23.
Qe2 Rac8 24. Bg2 Qh6 25. f4 Qb6 26. Qe3 Bg4 27. Rac1 Rc4 28. Rxc4 dxc4 29. Nc2
Qa5 30. Qc3 Qb6 31. Qe3 Qa5 32. Qc3 Qb6 33. Qe3 1/2-1/2

[Event "Hessen-ch"]
[Site "Frankfurt/Main"]
[Date "2019.05.31"]
[Round "5"]
[White "Henrich, Thomas"]
[Black "Meyner, Hannes"]
[Result "1/2-1/2"]
[WhiteElo "2142"]
[BlackElo "2228"]
[PlyCount "42"]
[EventDate "2019.05.29"]
[EventType "swiss"]
[EventRounds "9"]
[EventCountry "GER"]

{[%evp 0,42,44,8,73,81,79,66,66,55,29,30,74,51,76,65,99,60,72,-49,50,56,24,33,
55,26,71,71,71,78,83,75,45,85,85,85,125,36,45,18,73,20,15,37,39]} 1. e4 c6 2.
d4 d5 3. Nc3 dxe4 4. Nxe4 Bf5 5. Ng3 Bg6 6. h4 h6 7. Nf3 e6 8. Ne5 Bh7 9. Bd3
Bxd3 10. Qxd3 Nd7 11. f4 Be7 12. Bd2 Nxe5 13. fxe5 Bxh4 14. O-O-O Bxg3 15. Qxg3
Ne7 16. Qxg7 Rg8 17. Qh7 Qd5 18. Kb1 Qxg2 19. Qxh6 Rg6 20. Qe3 Nf5 21. Rh8+ Rg8
1/2-1/2

[Event "Hessen-ch"]
[Site "Frankfurt/Main"]
[Date "2019.05.31"]
[Round "5"]
[White "Lesny, Florian"]
[Black "Uwira, Oliver"]
[Result "1/2-1/2"]
[WhiteElo "2126"]
[BlackElo "2184"]
[PlyCount "80"]
[EventDate "2019.05.29"]
[EventType "swiss"]
[EventRounds "9"]
[EventCountry "GER"]

{[%evp 0,80,20,8,55,55,55,32,32,32,32,31,32,28,21,-35,-4,23,40,-9,-6,-9,-2,-10,
-6,-5,30,28,28,24,23,5,5,-3,34,-2,12,-38,-35,-24,-7,-30,5,-13,34,65,65,22,22,
38,47,36,48,19,75,51,75,21,21,-5,-36,12,40,7,7,0,0,-19,-24,37,37,0,0,0,0,0,0,
-4,0,0,0,0,0]} 1. e4 c5 2. Nf3 Nc6 3. d4 cxd4 4. Nxd4 Nf6 5. Nc3 e5 6. Ndb5 d6
7. Bg5 a6 8. Na3 b5 9. Nd5 Be7 10. Bxf6 Bxf6 11. c3 O-O 12. Nc2 Bg5 13. a4 bxa4
14. Rxa4 a5 15. Bc4 Rb8 16. b3 Kh8 17. O-O f5 18. exf5 Bxf5 19. Qe2 Bg6 20. f3
Bf4 21. Rd1 Qh4 22. Nxf4 exf4 23. Nd4 Nxd4 24. Rxd4 Rbe8 25. Qf2 Qd8 26. Qd2
Qb6 27. Kf1 Bf7 28. Bxf7 Rxf7 29. Rxd6 Qxb3 30. Rxa5 Rfe7 31. Ra1 Qb5+ 32. Qd3
Qh5 33. Rd8 Qxh2 34. Rxe8+ Rxe8 35. Qd7 Qh1+ 36. Kf2 Qh4+ 37. Kg1 Rd8 38. Qb7
Qg5 39. Ra8 Qc5+ 40. Kh2 Qh5+ 1/2-1/2

[Event "Hessen-ch"]
[Site "Frankfurt/Main"]
[Date "2019.05.31"]
[Round "5"]
[White "Neukirchner, Pascal"]
[Black "Zude, Arno"]
[Result "1/2-1/2"]
[WhiteElo "2288"]
[BlackElo "2384"]
[PlyCount "97"]
[EventDate "2019.05.29"]
[EventType "swiss"]
[EventRounds "9"]
[EventCountry "GER"]

{[%evp 0,79,20,19,20,-12,27,55,55,-26,-1,-14,33,26,26,25,23,22,22,18,21,-3,6,6,
36,-3,29,13,10,24,46,44,69,67,73,65,77,77,45,44,28,28,57,58,191,167,156,167,
167,119,124,118,169,141,165,166,139,142,149,135,176,148,162,158,153,142,134,
122,139,123,115,113,107,104,107,110,132,132,136,119,107,107]} 1. Nf3 d5 2. g3
c6 3. Bg2 Bg4 4. c4 e6 5. cxd5 Bxf3 6. Bxf3 cxd5 7. O-O Nf6 8. d4 Nc6 9. Nc3
Be7 10. Bf4 O-O 11. e3 h6 12. h4 a6 13. Rc1 Rc8 14. Na4 Qa5 15. a3 b5 16. Nc5
b4 17. Qd3 bxa3 18. bxa3 Na7 19. a4 Bxc5 20. dxc5 Nd7 21. Bd6 Nxc5 22. Qa3 Nd7
23. Bxf8 Nxf8 24. Rxc8 Nxc8 25. Rc1 Nb6 26. Qc5 Qxc5 27. Rxc5 Nxa4 28. Ra5 Nc3
29. Rxa6 g6 30. Ra7 h5 31. Kf1 Nh7 32. Ke1 Nf6 33. Kd2 Nb5 34. Ra5 Nd6 35. Kd3
Kg7 36. Ra6 Nde4 37. Bxe4 dxe4+ 38. Kd4 Ng4 39. Ra2 f5 40. Kc5 Kf7 41. Kd6 Kf6
42. Kd7 Kf7 43. Rc2 Ne5+ 44. Kd8 Ng4 45. Ra2 Kf8 46. Kd7 Kf7 47. Kd6 Kf6 48.
Rd2 Kf7 49. Ra2 1/2-1/2

[Event "Hessen-ch"]
[Site "Frankfurt/Main"]
[Date "2019.05.31"]
[Round "5"]
[White "Rubsamen, Cornelius"]
[Black "Jakel, Wolfgang"]
[Result "1/2-1/2"]
[WhiteElo "2208"]
[BlackElo "2246"]
[PlyCount "22"]
[EventDate "2019.05.29"]
[EventType "swiss"]
[EventRounds "9"]
[EventCountry "GER"]

{[%evp 0,22,16,14,100,7,-5,-38,-27,-48,-39,-26,-9,-51,-24,-24,-24,-19,77,70,86,
74,87,106,111]} 1. e4 c5 2. c3 d5 3. exd5 Qxd5 4. Nf3 Nc6 5. d4 Bg4 6. dxc5
Qxd1+ 7. Kxd1 e5 8. b4 f5 9. Kc2 Bxf3 10. gxf3 Nf6 11. Bc4 g6 1/2-1/2

[Event "Hessen-ch"]
[Site "Frankfurt/Main"]
[Date "2019.05.31"]
[Round "5"]
[White "Zude, Erik"]
[Black "Dorst, Johannes"]
[Result "1/2-1/2"]
[WhiteElo "2402"]
[BlackElo "2262"]
[PlyCount "83"]
[EventDate "2019.05.29"]
[EventType "swiss"]
[EventRounds "9"]
[EventCountry "GER"]

{[%evp 0,83,27,-32,-5,-12,-9,-11,24,24,118,36,101,77,89,88,128,97,100,84,110,
69,55,59,78,-2,11,-1,14,14,7,-1,-22,-41,-35,-39,-24,-27,-4,-7,-3,-36,17,-24,
-31,-38,-25,-28,-17,-1,-34,-30,-26,-36,-27,-18,-29,-21,-20,-22,-22,-24,8,8,25,
18,18,6,27,-39,-30,-37,-8,-21,-30,-25,-21,-44,-21,-21,0,-66,0,0,0,0]} 1. c4 e5
2. Nc3 Nf6 3. Nf3 e4 4. Ng5 b5 5. d3 exd3 6. cxb5 h6 7. Nf3 dxe2 8. Bxe2 Be7 9.
Nd4 O-O 10. Bf3 d5 11. Be3 a6 12. a4 axb5 13. axb5 Rxa1 14. Qxa1 Bg4 15. Qa4
Bxf3 16. Nxf3 Nbd7 17. O-O Nc5 18. Qc2 Nce4 19. Rd1 Nxc3 20. Qxc3 Qd7 21. Nd4
Bd6 22. h3 Ra8 23. Qc6 Qxc6 24. Nxc6 Ra2 25. Bd4 Ne4 26. g3 f6 27. g4 Ng5 28.
Kg2 Ne6 29. Bc3 Nf4+ 30. Kf3 Ra4 31. Bb4 Bxb4 32. Kxf4 Bd6+ 33. Kf3 Ra2 34. Rd2
Kf7 35. Re2 Ra4 36. Rd2 Ra2 37. Ke3 Bc5+ 38. Kd3 Ra4 39. Ke2 Ke6 40. Kf3 Re4
41. Nd8+ Ke5 42. Nf7+ 1/2-1/2

[Event "Hessen-ch"]
[Site "Frankfurt/Main"]
[Date "2019.05.31"]
[Round "6"]
[White "Bethke, Richard"]
[Black "Rubsamen, Cornelius"]
[Result "1-0"]
[WhiteElo "2246"]
[BlackElo "2208"]
[PlyCount "113"]
[EventDate "2019.05.29"]
[EventType "swiss"]
[EventRounds "9"]
[EventCountry "GER"]

1. e4 e6 2. d4 d5 3. Nd2 Be7 4. Ngf3 Nf6 5. Bd3 c5 6. exd5 exd5 7. dxc5 Bxc5 8.
O-O O-O 9. Nb3 Bb6 10. h3 Nc6 11. c3 Re8 12. Re1 Ne4 13. Be3 Bf5 14. Nbd4 Bg6
15. Qc2 Rc8 16. Nxc6 bxc6 17. Rad1 Qf6 18. Bxb6 axb6 19. c4 Red8 20. Re3 Ng5
21. Bxg6 Nxf3+ 22. Rxf3 Qxg6 23. Qxg6 hxg6 24. cxd5 cxd5 25. Rb3 Rd6 26. Kf1
Rc2 27. Rdd3 Kf8 28. Rdc3 Rxc3 29. Rxc3 Re6 30. Rd3 Rd6 31. Re3 Rc6 32. Ke1 g5
33. Kd2 f6 34. Re2 Kf7 35. a3 b5 36. Kd3 Rc4 37. Rc2 Re4 38. f3 Rf4 39. Rc5 b4
40. axb4 Rxb4 41. Kc3 Rb8 42. Rxd5 Ke6 43. Rd4 Rc8+ 44. Rc4 Ra8 45. Rc7 Ra1 46.
Rxg7 Rg1 47. g4 Rf1 48. Rh7 Rxf3+ 49. Kc4 Kd6 50. b4 Kc6 51. b5+ Kb6 52. Kd5 f5
53. Rh5 f4 54. Rxg5 Rxh3 55. Rf5 f3 56. Ke6 Rh6+ 57. Kf7 1-0

[Event "Hessen-ch"]
[Site "Frankfurt/Main"]
[Date "2019.05.31"]
[Round "6"]
[White "Dorst, Johannes"]
[Black "Arndt, Stefan"]
[Result "1-0"]
[WhiteElo "2262"]
[BlackElo "2225"]
[PlyCount "99"]
[EventDate "2019.05.29"]
[EventType "swiss"]
[EventRounds "9"]
[EventCountry "GER"]

1. c4 f5 2. Nf3 Nf6 3. g3 d6 4. d4 e6 5. Bg2 Be7 6. Nc3 O-O 7. O-O Ne4 8. Qc2
Nxc3 9. Qxc3 Bf6 10. Qc2 e5 11. dxe5 dxe5 12. Rd1 Qe8 13. e4 Qg6 14. Be3 f4 15.
Bc5 Re8 16. Bb4 Nc6 17. Bc3 Bg4 18. Rd3 fxg3 19. hxg3 Rf8 20. Nh2 Be6 21. b3
Be7 22. Rf1 Bc5 23. Nf3 Qh5 24. Qb2 Bg4 25. Nxe5 Be2 26. g4 Bxg4 27. Nxg4 Qxg4
28. b4 Bd6 29. e5 Be7 30. Rg3 Qf4 31. b5 Bc5 32. Rf3 Qg4 33. Rxf8+ Rxf8 34.
bxc6 bxc6 35. Qd2 Qxc4 36. Bxc6 Bxf2+ 37. Rxf2 Qxc6 38. Rxf8+ Kxf8 39. Kf2 Ke8
40. Bd4 a6 41. Qd3 Qh6 42. Qc4 Qd2+ 43. Kf3 Qd1+ 44. Kf4 Qd2+ 45. Kf5 Qh6 46.
Qe6+ Qxe6+ 47. Kxe6 h5 48. Bf2 g5 49. Be3 g4 50. Bf2 1-0

[Event "Hessen-ch"]
[Site "Frankfurt/Main"]
[Date "2019.05.31"]
[Round "6"]
[White "Henrich, Thomas"]
[Black "Zude, Erik"]
[Result "0-1"]
[WhiteElo "2142"]
[BlackElo "2402"]
[PlyCount "58"]
[EventDate "2019.05.29"]
[EventType "swiss"]
[EventRounds "9"]
[EventCountry "GER"]

1. e4 c5 2. Nf3 d6 3. d4 cxd4 4. Nxd4 Nf6 5. Nc3 a6 6. Bg5 e6 7. Qe2 Be7 8. f4
h6 9. Bxf6 Bxf6 10. O-O-O Nd7 11. f5 Ne5 12. g3 O-O 13. Bh3 Re8 14. Kb1 Bd7 15.
Rhf1 Rc8 16. fxe6 fxe6 17. Nb3 Qe7 18. Rxf6 gxf6 19. Qd2 Kg7 20. Qxd6 Qxd6 21.
Rxd6 Rc6 22. Rd1 Kf7 23. Ne2 Ke7 24. Nf4 Rd6 25. Rf1 Bb5 26. Rc1 b6 27. Bf1
Bxf1 28. Rxf1 Red8 29. Kc1 Ng4 0-1

[Event "Hessen-ch"]
[Site "Frankfurt/Main"]
[Date "2019.05.31"]
[Round "6"]
[White "Jakel, Wolfgang"]
[Black "Alber, Horst"]
[Result "1-0"]
[WhiteElo "2246"]
[BlackElo "2271"]
[PlyCount "71"]
[EventDate "2019.05.29"]
[EventType "swiss"]
[EventRounds "9"]
[EventCountry "GER"]

1. c4 Nf6 2. Nc3 g6 3. g3 Bg7 4. Bg2 O-O 5. e3 d6 6. Nge2 e5 7. O-O Nbd7 8. d3
Nh5 9. Rb1 f5 10. b4 f4 11. exf4 exf4 12. gxf4 Bxc3 13. Nxc3 Nxf4 14. Bxf4 Rxf4
15. Nd5 Rf7 16. b5 Ne5 17. f4 Ng4 18. h3 Nh6 19. Qd2 Nf5 20. Kh2 Kg7 21. Nc3
Nh4 22. Bd5 Rf5 23. Ne4 h6 24. Rbe1 a6 25. a4 axb5 26. axb5 Kh7 27. Re3 g5 28.
Ng3 Rxf4 29. Qe2 Ng6 30. Re8 Qd7 31. Bg8+ Kg7 32. Nh5+ Kh8 33. Bf7+ Kh7 34.
Bxg6+ Kxg6 35. Nxf4+ gxf4 36. Qe4+ 1-0

[Event "Hessen-ch"]
[Site "Frankfurt/Main"]
[Date "2019.05.31"]
[Round "6"]
[White "Keller, Peter"]
[Black "Neukirchner, Pascal"]
[Result "1/2-1/2"]
[WhiteElo "2237"]
[BlackElo "2288"]
[PlyCount "56"]
[EventDate "2019.05.29"]
[EventType "swiss"]
[EventRounds "9"]
[EventCountry "GER"]

1. e4 c5 2. Nf3 Nc6 3. Bb5 g6 4. Bxc6 dxc6 5. d3 Bg7 6. h3 Nf6 7. Nc3 Nd7 8.
O-O e5 9. Be3 Qe7 10. Qd2 h6 11. Nh2 Nf8 12. f4 exf4 13. Rxf4 Ne6 14. Rf2 Nd4
15. Raf1 Be6 16. Ne2 Nxe2+ 17. Rxe2 O-O-O 18. a3 Bd4 19. Nf3 g5 20. c3 Bxe3+
21. Qxe3 g4 22. hxg4 Bxg4 23. b4 Qd6 24. Rd2 cxb4 25. axb4 a6 26. d4 Rhe8 27.
Nh2 Qg6 28. Nxg4 Rxe4 1/2-1/2

[Event "Hessen-ch"]
[Site "Frankfurt/Main"]
[Date "2019.05.31"]
[Round "6"]
[White "Meyner, Hannes"]
[Black "Uwira, Oliver"]
[Result "1-0"]
[WhiteElo "2228"]
[BlackElo "2184"]
[PlyCount "79"]
[EventDate "2019.05.29"]
[EventType "swiss"]
[EventRounds "9"]
[EventCountry "GER"]

1. Nf3 Nf6 2. c4 c6 3. d4 d5 4. e3 a6 5. Nc3 Bf5 6. Ne5 e6 7. g4 Bg6 8. h4 Ne4
9. h5 Nxc3 10. bxc3 Be4 11. f3 f6 12. fxe4 fxe5 13. cxd5 exd5 14. Bg2 exd4 15.
exd4 dxe4 16. Qb3 Bd6 17. O-O Qe7 18. Bf4 Nd7 19. Bxd6 Qxd6 20. Qxb7 Rb8 21.
Qxa6 Rb2 22. Rae1 Nf6 23. Re2 Rxe2 24. Qxe2 Qg3 25. Qc4 Qxg4 26. Qxc6+ Ke7 27.
Qc7+ Qd7 28. Qxd7+ Kxd7 29. h6 Ke7 30. hxg7 Rg8 31. Rb1 Rxg7 32. Rb7+ Nd7 33.
Kf2 e3+ 34. Kf3 Kd8 35. Rb2 Nf6 36. Kxe3 Rg3+ 37. Bf3 h5 38. Kf4 Rg1 39. c4 Rc1
40. c5 1-0

[Event "Hessen-ch"]
[Site "Frankfurt/Main"]
[Date "2019.05.31"]
[Round "6"]
[White "Weber, Samuel"]
[Black "Carow, Johannes"]
[Result "0-1"]
[WhiteElo "2160"]
[BlackElo "2445"]
[PlyCount "100"]
[EventDate "2019.05.29"]
[EventType "swiss"]
[EventRounds "9"]
[EventCountry "GER"]

1. Nf3 d5 2. g3 Nc6 3. Bg2 e5 4. d3 f6 5. O-O Be6 6. Nbd2 Qd7 7. c4 Nge7 8. a3
O-O-O 9. c5 h5 10. b4 e4 11. b5 exf3 12. bxc6 Nxc6 13. Nxf3 Bxc5 14. Qc2 Bb6
15. Bd2 Bh3 16. a4 a5 17. Rab1 Bxg2 18. Kxg2 h4 19. Rh1 h3+ 20. Kf1 g5 21. Rg1
Qg4 22. Qd1 Rhe8 23. e3 Qf5 24. Rb3 Qg4 25. Rb1 f5 26. Ne1 Qxd1 27. Rxd1 d4 28.
g4 dxe3 29. Bxe3 f4 30. Bxb6 cxb6 31. Nf3 Rd5 32. Re1 Rxe1+ 33. Kxe1 Nd4 34.
Nxd4 Rxd4 35. Ke2 Rxa4 36. Rc1+ Kd7 37. Rc2 Rb4 38. Kf3 a4 39. Re2 a3 40. Ra2
Rb3 41. Ke4 b5 42. Kf5 b4 43. Kxg5 Rb2 44. Ra1 a2 45. Kf6 b3 46. Re1 Rb1 47.
Re7+ Kc6 48. Re6+ Kc7 49. Re7+ Kb6 50. Re6+ Ka7 0-1

[Event "Hessen-ch"]
[Site "Frankfurt/Main"]
[Date "2019.06.01"]
[Round "7"]
[White "Alber, Horst"]
[Black "Weber, Samuel"]
[Result "1/2-1/2"]
[WhiteElo "2271"]
[BlackElo "2160"]
[PlyCount "43"]
[EventDate "2019.05.29"]
[EventType "swiss"]
[EventRounds "9"]
[EventCountry "GER"]

1. d4 Nf6 2. c4 c5 3. d5 e5 4. Nc3 d6 5. e4 Be7 6. Nf3 O-O 7. g3 a6 8. a4 Ne8
9. Bg2 g6 10. Bh6 Ng7 11. Qd2 Nd7 12. O-O Nf6 13. h3 Kh8 14. Bg5 Ng8 15. Bxe7
Qxe7 16. Ne1 Bd7 17. Nd3 Rab8 18. f4 f6 19. b3 a5 20. Rae1 b6 21. Kh2 h6 22.
Rf2 1/2-1/2

[Event "Hessen-ch"]
[Site "Frankfurt/Main"]
[Date "2019.06.01"]
[Round "7"]
[White "Carow, Johannes"]
[Black "Dorst, Johannes"]
[Result "0-1"]
[WhiteElo "2445"]
[BlackElo "2262"]
[PlyCount "70"]
[EventDate "2019.05.29"]
[EventType "swiss"]
[EventRounds "9"]
[EventCountry "GER"]

1. d4 Nf6 2. c4 g6 3. Nc3 Bg7 4. e4 d6 5. f3 O-O 6. Bg5 c5 7. d5 h6 8. Be3 e6
9. Qd2 exd5 10. cxd5 a6 11. a4 h5 12. Nge2 Nbd7 13. Nd1 Ne5 14. Nec3 Nh7 15.
Nf2 f5 16. Be2 Nf6 17. O-O Qa5 18. Bh6 Bd7 19. Bxg7 Kxg7 20. exf5 Bxf5 21. Nfd1
Rae8 22. Ne3 Bd7 23. Rfb1 Qb4 24. Nc2 Qh4 25. b4 Nfg4 26. fxg4 Rf2 27. Qe3 Nf3+
28. Bxf3 Rxe3 29. Nxe3 hxg4 30. Ne4 Rxf3 31. gxf3 gxf3 32. Ng3 cxb4 33. a5 f2+
34. Kxf2 Qf4+ 35. Kg2 Qxe3 0-1

[Event "Hessen-ch"]
[Site "Frankfurt/Main"]
[Date "2019.06.01"]
[Round "7"]
[White "Dubiel, Jacek"]
[Black "Bethke, Richard"]
[Result "1/2-1/2"]
[WhiteElo "2428"]
[BlackElo "2246"]
[PlyCount "40"]
[EventDate "2019.05.29"]
[EventType "swiss"]
[EventRounds "9"]
[EventCountry "GER"]

1. e4 c5 2. Nf3 Nc6 3. d4 cxd4 4. Nxd4 Nf6 5. Nc3 g6 6. Nxc6 dxc6 7. Qxd8+ Kxd8
8. Bf4 Be6 9. a4 a5 10. O-O-O+ Kc8 11. Be2 Ng4 12. Bg3 Bg7 13. h3 Ne5 14. f4
Nd7 15. Bf2 Kc7 16. Rhf1 Bxc3 17. bxc3 Nb6 18. f5 gxf5 19. exf5 Bd5 20. g4 Rad8
1/2-1/2